Background to contemporary Greece
Saved in:
| Other Authors: | , |
|---|---|
| Format: | Book |
| Language: | English |
| Published: |
London :
Merlin Press,
c1990
|
| Subjects: | |
| Tags: |
Add Tag
No Tags, Be the first to tag this record!
|
MARC
| LEADER | 00000nam a2200000 i 4500 | ||
|---|---|---|---|
| 001 | 1/69313 | ||
| 008 | 981102s1990 eng d | ||
| 020 | |a 0-85036-393-4 | ||
| 035 | |l 10030354 | ||
| 040 | |a GR-MY-UA |b gre |e aacr | ||
| 041 | 0 | |a eng | |
| 082 | 0 | |a 938 | |
| 245 | 1 | 0 | |a Background to contemporary Greece / |c edited by Marion Sarafis, Martin Eve |
| 260 | |a London : |b Merlin Press, |c c1990 | ||
| 300 | |a 152 p. | ||
| 504 | |a Includes bibliographical references | ||
| 651 | 0 | |a Greece |x Economic conditions. | |
| 651 | 0 | |a Greece |x History. | |
| 651 | 0 | |a Greece |x Social life and customs. | |
| 700 | 1 | |a Σαράφη, Μάριον. |4 edt | |
| 700 | 1 | |a Eve, Martin. |4 edt | |
| 852 | |a INST |b LESVOS |e 19981102 |h 938 BAC |p 005100017638 |q 005100017638 |t BK |y 0 |z v.1 | ||
| 852 | |a INST |b LESVOS |e 19981102 |h 938 BAC |p 005100017638 |q 005100017638 |t BK |v v.1: |y 0 |z v.1 | ||
| 853 | |a INST |b LESVOS |h 938 BAC | ||
| 901 | |a BIBL-1999-1 | ||
| 909 | |a Λ |b 059938 | ||
| 922 | |a 1ΕΛΗ |b 199810 |c ΚΠΣ/ΤΓ |d ΠΑΠΑΣΩΤΗΡΙΟΥ | ||
| 950 | |a 118-1998-07-18 | ||